000 00334nam a2200133Ia 4500
008 191201s2013 xx 000 0 und d
100 _aSINGH,Shio Kumar
245 0 _aDatabase Systems Concepts, Designs and Application
250 _aIMP-3rd
260 _c2013
_bpearson
_aN. delhi
300 _a912
650 _aCSE
942 _2ddc
_cBB
999 _c7662
_d7662